Statistics for 15 Countries Containing an Unknown Letter #2

Click here to take the quiz!

General Stats

  • This quiz has been taken 563 times
  • The average score is 9 of 16

Answer Stats

Country% Correct
Zambia
89%
Zimbabwe
89%
Kazakhstan
68%
Mozambique
65%
Brazil
64%
Uzbekistan
62%
Azerbaijan
57%
New Zealand
57%
Venezuela
52%
Switzerland
51%
Tanzania
51%
Zagreb
51%
Belize
50%
Czech Republic
44%
Bosnia & Herzegovina
41%
Swaziland
34%

Score Distribution

Percentile by Number Answered

Percent of People with Each Score

Your Score History

You have not taken this quiz